000 00434nam a2200181Ia 4500
003 IN-BaIIA
008 211028s9999 xx 000 0 eng d
040 _cIIA Library
080 _a523.7
_bYOU
100 _aYoung, C. A.
_91459
245 4 _aThe sun
_cC. A. Young
260 _aNewYork
_bD. Appleton
_c1985
300 _a363p.
650 _aAstrophysics
_9794
650 _aStellar system
_91460
650 _aSun
_91200
942 _cBK
999 _c671
_d671